| 000 | 00896cam a2200289 a 4500 | ||
|---|---|---|---|
| 999 |
_c2184 _d2184 |
||
| 001 | 772096 | ||
| 003 | OSt | ||
| 005 | 20230323095819.0 | ||
| 008 | 180725s2010 enka b 000 j eng d | ||
| 020 |
_a9781409516675 _q(pbk.) : |
||
| 040 |
_aTWTCL _beng _cTWTCL _eaacr _dKH8 |
||
| 041 | 0 | _aeng | |
| 042 | _anbic | ||
| 082 | 0 | _a823.92 MAC | |
| 100 | 1 |
_aMackinnon, Mairi. _eAuthor |
|
| 245 | 1 | 4 |
_aThe circus under the sea / _cwritten by Mairi Mackinnon ; illustrated by Ben Mantle. |
| 260 |
_aLondon : _bUsborne, _c2010. |
||
| 300 |
_a32 p. : _bcol. ill. ; _c20 cm. |
||
| 490 | 1 |
_aUsborne very first reading ; _v12. |
|
| 490 | 1 | _aMy first reading library. | |
| 650 | 0 |
_aCircus _vJuvenile fiction. |
|
| 650 | 0 |
_aMarine animals _xJuvenile fiction. |
|
| 700 | 1 |
_aMantle, Ben. _eillustrator |
|
| 830 | 0 | _aUsborne very first reading. | |
| 830 | 0 | _aMy first reading library. | |
| 942 |
_2ddc _cNFIC |
||